UNIX-Werkzeuge zur Programmentwicklung

Saved in:
Bibliographic Details
Format: Book
Language:German
Published: Berlin Technik 1989
Edition:1. Aufl.
Tags: Add Tag
No Tags, Be the first to tag this record!

MARC

LEADER 00000nam a2200000 4500
001 c030448
005 20260121070453.9
041 0 |a ger 
044 |a DE 
245 1 0 |a UNIX-Werkzeuge zur Programmentwicklung  |c Christoph Polze 
250 |a 1. Aufl. 
264 1 |a Berlin  |b Technik  |c 1989 
300 |a 239 s.